[Event "Capablanca Memorial op 57th"]
[Site "Havana"]
[Date "2024.05.11"]
[Round "9"]
[White "Molina Suarez, Adrian de Jesus"]
[Black "Richardson, Jerome"]
[Result "1-0"]
[WhiteElo "2018"]
[BlackElo "1660"]
[PlyCount "51"]
[EventDate "2024.05.03"]
[EventType "swiss"]
[EventRounds "10"]
[EventCountry "CUB"]
[SourceTitle "EXT 2025"]
[Source "ChessBase"]
[SourceDate "2024.10.14"]
[SourceVersion "1"]
[SourceVersionDate "2024.10.14"]
[SourceQuality "1"]

1. e4 c5 2. b3 Nf6 3. e5 Nd5 4. Bb2 Nc6 5. Nf3 d6 6. c4 Nc7 7. d4 dxe5 8. d5 e4 9. Nfd2 Nd4 10. Nxe4 b6 11. Bxd4 cxd4 12. Qxd4 Bf5 13. Nbc3 Qd7 14. c5 Bxe4 15. Qxe4 0-0-0 16. 0-0-0 bxc5 17. Na4 e6 18. d6 Bxd6 19. Nxc5 Bf4+ 20. Kb2 Be5+ 21. Qxe5 Qxd1 22. Ba6+ Kb8 23. Rxd1 Rxd1 24. Be2 Rd2+ 25. Kc1 Rd5 26. Na6+ 1-0